Spolupráca hotela a cestovných kancelárií diplomová práca

Gespeichert in:
Bibliographische Detailangaben
1. Verfasser: Milková, Barbora
Körperschaft: Obchodná fakulta EU. Katedra služieb a cestovného ruchu - zrušené
Weitere Verfasser: Novacká, Ľudmila, 1953-
Format: Buch
Sprache:Slowakisch
Veröffentlicht: Bratislava 2010
Tags: Tag hinzufügen
Keine Tags, Fügen Sie das erste Tag hinzu!

MARC

LEADER 00000nam$a2200000$$$4500
001 0118605
005 20240318123447.3
041 0 |a slo 
044 |a SK 
245 1 0 |a Spolupráca hotela a cestovných kancelárií  |b diplomová práca  |c Barbora Milková ; škol. Ľudmila Novacká 
264 1 |a Bratislava  |c 2010 
300 |a 73 s. 
100 1 |a Milková, Barbora 
700 1 |a Novacká, Ľudmila, 1953- 
710 2 |a Obchodná fakulta EU. Katedra služieb a cestovného ruchu - zrušené